| 000 | 01290nam a2200349Ia 4500 | ||
|---|---|---|---|
| 005 | 20220317000338.0 | ||
| 007 | ta | ||
| 008 | 210831q2010 ck ao ser s spa d | ||
| 020 | _a9789587360110 | ||
| 040 |
_aCO-BoRNBP _bspa _erda _cCO-BoRNBP |
||
| 041 | 0 | _aspa | |
| 082 | 0 | 4 |
_a635.04 _bD87 _222 |
| 082 | 0 | 4 |
_aR 635.04 _bD87s |
| 100 | 1 |
_aDurán Ramírez, Felipe _eautor |
|
| 245 | 1 | 0 |
_aSeguridad alimentaria cultivando hortalizas _cFelipe Durán Ramírez ; revisión científica José Hilbar Mendoza A. ; fotografías Karen Liliana Guerrero |
| 250 | _aPrimera edición | ||
| 264 | 1 |
_aBogotá _bGrupo Latino Editores _c[2010] |
|
| 300 |
_a857 páginas _bilustraciones, fotografías a color _c27 cm |
||
| 336 |
_atexto _btxt _2rdacontent |
||
| 337 |
_asin mediación _bn _2rdamedia |
||
| 338 |
_avolumen _bnc _2rdacarrier |
||
| 490 | 0 | _aVolvamos al campo | |
| 504 | _aIncluye referencias bibliográficas | ||
| 521 | _aRecomendado para un público adulto | ||
| 650 | 1 | 7 |
_aHorticultura _vManuales _2LEMB |
| 650 | 1 | 7 |
_aHorticultura _xCultivo _vManuales _2LEMB |
| 650 | 1 | 7 |
_aHortalizas _vManuales _2LEMB |
| 650 | 1 | 7 |
_aSeguridad alimenticia _vManuales _2LEMB |
| 700 | 1 |
_aMendoza A., José Hilbar _erevisor _9186798 |
|
| 700 | 1 |
_aGuerrero, Karen Liliana _efotógrafa _916936 |
|
| 942 |
_2ddc _cBK |
||
| 999 |
_c3791 _d3791 |
||